Boundless and Bare/ (Record no. 206179)

MARC details
000 -LEADER
fixed length control field 00597cam a22001937i 4500
005 - DATE AND TIME OF LATEST TRANSACTION
control field 20241008163508.0
010 ## - LCCN (DPL NO)
LC control number ENG-141975
020 ## - INTERNATIONAL STANDARD BOOK NUMBER
International Standard Book Number 9789389907719
Terms of availability 250.00
035 ## - SYSTEM CONTROL NUMBER
System control number EN-125507
037 ## - SOURCE OF ACQUISITION
Source of stock number/acquisition DBAD
082 ## - DEWEY DECIMAL CLASSIFICATION NUMBER
Classification number S
100 ## - MAIN ENTRY--PERSONAL NAME
Personal name Prakash, Thanjai
245 14 - TITLE STATEMENT
Title Boundless and Bare/
Statement of responsibility, etc By Thanjai Prakash
250 ## - EDITION STATEMENT
Edition statement 1
260 ## - PUBLICATION, DISTRIBUTION, ETC. (IMPRINT)
Place of publication, distribution, etc Chennai
Name of publisher, distributor, etc Zero Degree Publishing
Date of publication, distribution, etc 2019
270 ## - ADDRESS
Address 12/7, Bay line Apartments 2nd cross street, R.K.Nagar
City Thiruvanmiyur, Chennai
Postal code 600041
Telephone number 9840065000
Electronic mail address zerodegreepublishing@gmail.com
300 ## - PHYSICAL DESCRIPTION
Extent 170p.
Dimensions 22cm(pb)
942 ## - ADDED ENTRY ELEMENTS (KOHA)
Source of classification or shelving scheme Dewey Decimal Classification
Item type English Books
Classification part S
Call number suffix PRA
Holdings
Withdrawn status Lost status Not for loan Collection code Home library Current library Date acquired Source of acquisition Cost, normal purchase price Full call number Barcode Copy number Cost, replacement price Koha item type
    Not For Loan Non-fiction D.B.Act.Division D.B.Act.Division 08/10/2024 Delivery of Books Act Division 250.00 S PRA EN-125507 1 250.00 English Books

© Delhi Public Library
Hit Counter
free hit counter